| 000 | 00761nam a22002412 4500 | ||
|---|---|---|---|
| 001 | 0000019005 | ||
| 005 | 20151217152142.0 | ||
| 008 | 100830s xx 000 0 eng d | ||
| 020 | _a0321537025 : | ||
| 040 |
_aKABU _cKABU |
||
| 100 | 1 |
_aGirdano, Daniel A. _@0000178530 |
|
| 245 | 1 | 0 |
_aControlling stress and tension / _cDaniel A. Girdano, Dorothy E. Dusek, George S. Everly. |
| 250 | _a8th ed. | ||
| 260 |
_aBoston : _bPearson, _c2009. |
||
| 300 | _axxii, 425 p. | ||
| 650 | 0 |
_aStress management. _@0000151683 |
|
| 650 | 0 |
_aStress (Psychology) _@0000060813 |
|
| 700 | 1 |
_aDusek, Dorothy E. _@0000178531 |
|
| 700 | 1 |
_aEverly, George S. _@0000178532 |
|
| 852 | 1 | _9p2440 KES | |
| 908 | _a100830 | ||
| 950 | _@1 | ||
| 999 |
_c8756 _d8756 |
||